Sólo un día del tiempo: crónica del año 1929

Saved in:
Bibliografiske detaljer
Hovedforfatter: Arenas, Braulio (Author)
Format: Bog
Sprog:spansk
Udgivet: Santiago Zig-Zag 1984
Serier:Los Grandes de la Literatura Chilena, 4
Fag:
Tags: Tilføj Tag
Ingen Tags, Vær først til at tagge denne postø!

MARC

LEADER 00000cam a2200000 a 4500
001 UCF6947
003 CL-VaPUC
008 130530e19841000CL |||||||||||||||||spa|d
082 0 4 |a Ch863  |b ARE  |2 21 
100 0 |a Arenas, Braulio  |e author  |9 376800 
245 1 0 |a Sólo un día del tiempo: crónica del año 1929 
300 |a 159 p 
942 |c BK 
945 |d 20130530 00:00:00  |a dcastane 
260 |a Santiago  |b Zig-Zag  |c 1984 
650 0 |a Novelas chilenas   |9 265425 
650 0 |a Literatura chilena   |9 308278 
583 |a last modification  |c 20130530 09:49:00  |k Rodrigo Vera 
490 0 |a Los Grandes de la Literatura Chilena, 4 
999 |c 351930  |d 351928